Najwięcej goli RP w piłce ręcznej - Statystyki

Ogólne statystyki
  • Ten quiz został rozwiązany 67 razy
  • Średni wynik to 4 z 10
Statystyki odpowiedzi
Gole Lata Zawodnik % Poprawnych
955 2002–2017 Karol Bielecki
97%
729 2004–2016 Bartosz Jurecki
87%
711 1997–2013 Marcin Lijewski
78%
704 1997–2012 Mariusz Jurasik
54%
549 2000–2012 Grzegorz Tkaczyk
51%
763 1981–1994 Bogdan Wenta
46%
1170 1972–1984 Jerzy Klempel
10%
705 1977–1989 Daniel Waszkiewicz
6%
620 1973–1982 Alfred Kałuziński
5%
709 1989–2003 Robert Nowakowski
5%
Nie znaleziono quizów pasujących do podanych kryteriów
Rozkład punktacji
Procent ludzi z każdym wynikiem
Percentyl według liczby udzielonych odpowiedzi
Twoja historia wyników
Nie rozwiązałeś tego quizu